Vista normal
Vista MARC
Entrada Personal Name
Número de registros utilizados en: 1
001 - CONTROL NUMBER
- control field: 16680
003 - CONTROL NUMBER IDENTIFIER
- control field: DLC
005 - DATE AND TIME OF LATEST TRANSACTION
- control field: 20250128160342.0
008 - FIXED-LENGTH DATA ELEMENTS
- fixed length control field: 780628n| acannaabn |a aaa
010 ## - LIBRARY OF CONGRESS CONTROL NUMBER
- LC control number: n 78040430
035 ## - SYSTEM CONTROL NUMBER
- System control number: (OCoLC)oca00176378
040 ## - CATALOGING SOURCE
- Original cataloging agency: DLC
- Language of cataloging: spa
- Transcribing agency: Mx-PuUPA
- Modifying agency: DLC
- Modifying agency: OCoLC
- Modifying agency: Mx-PuUPA
- Description conventions: rda
100 1# - HEADING--PERSONAL NAME
- Personal name: Lagunas Rodríguez, Zaíd,
374 ## - OCCUPATION
- Occupation: Autor
375 ## - GENDER
- Gender: hombre
377 ## - ASSOCIATED LANGUAGE
- Language code: spa
400 1# - SEE FROM TRACING--PERSONAL NAME
- Personal name: Rodríguez, Zaíd Lagunas
400 1# - SEE FROM TRACING--PERSONAL NAME
- Personal name: Lagunas, Zaíd
400 1# - SEE FROM TRACING--PERSONAL NAME
- Personal name: Lagunas R., Zaíd
- Fuller form of name: (Lagunas Rodríguez)
670 ## - SOURCE DATA FOUND
- Source citation: His Enterramientos humanos ... 1976:
- Information found: t.p. (Zaíd Lagunas Rodríguez)
670 ## - SOURCE DATA FOUND
- Source citation: Avances en antropología física, 1987- :
- Information found: v. 2, t.p. (Zaíd Lagunas) v. 2, p. 5 (Zaíd Lagunas Rodríguez)
670 ## - SOURCE DATA FOUND
- Source citation: His La población matlatzinca actual, 1982:
- Information found: t.p. (antopólogo físico, Zaíd Lagunas R.)